| 000 | 00555 a2200169 4500 | ||
|---|---|---|---|
| 020 | _a158053757X | ||
| 040 |
_aDLC _bDLC |
||
| 082 | _a621.3845 | ||
| 100 | 1 | _aYang, Samuel C. | |
| 245 | 1 | 0 |
_a3G CDMA2000: wireless system engineering _bwireless system engineering _cSamuel C. Yang. |
| 260 |
_aBoston : _bArtech House, _cc2004. |
||
| 300 |
_axvii, 255 p. : _bill. ; _c27 cm. |
||
| 440 | 0 | _aArtech House mobile communications library. | |
| 650 | 0 | _aWireless communication systems. | |
| 650 | 0 | _aCode division multiple access. | |
| 942 |
_cBK _k621.3845 YAN _2ddc |
||
| 999 |
_c8365 _d8365 |
||